00633 2200217 4500001002100000005001500021035002000036007000300056008004100059020001800100082001000118084001600128100002600144245010500170260004500275300003100320650001200351700001900363700002300382990001000405INLIS00000000000171920180313093500 a0010-0318000062ta180313 g 0 ind  a9786020325088 a641.5 a641.5 NUR d0 aNURAINI, Wahyuningsih1 a25 Menu Sehat & Lezat Bento Kantor /cNuraini Wahyuningsih, Dewi Priyatni; editor, Intarina Hadirman aJakarta :bGramedia Pustaka Utama,c2016 a97 hlm. :bilus. ;c23 cm. aMASAKAN0 aDEWI, Priyatni0 aINTARINA, Hadirman a16396